Graphic Communication:Applying Principles (Record no. 3373)
[ view plain ]
| 000 -LEADER | |
|---|---|
| fixed length control field | 00363nam a22001337a 4500 |
| 008 - FIXED-LENGTH DATA ELEMENTS--GENERAL INFORMATION | |
| fixed length control field | 250508b |||||||| |||| 00| 0 eng d |
| 020 ## - INTERNATIONAL STANDARD BOOK NUMBER | |
| ISBN | 0130305162 |
| 100 ## - MAIN ENTRY--AUTHOR | |
| Author | Coll,Garry |
| 245 ## - TITLE STATEMENT | |
| Title | Graphic Communication:Applying Principles |
| 260 ## - PUBLICATION, DISTRIBUTION, ETC. (IMPRINT) | |
| Place of publication | Upper Saddle River,New Jersey |
| Name of publisher | Pearson Education Inc. |
| Date of publication | 2002 |
| 300 ## - COLLATION | |
| Pagination | 148p. |
| 942 ## - ADDED ENTRY ELEMENTS (KOHA) | |
| Item type | Books |
| 050 ## - LIBRARY OF CONGRESS CALL NUMBER | |
| Classification number | T 385 |
| Item number | .C65 |
| Source of classification or shelving scheme | Not for loan | Permanent location | Current location | Date acquired | Accession No. | Full call number | Barcode. | Koha item type |
|---|---|---|---|---|---|---|---|---|
| Library of Congress Classification | Samuel Ogbemudia Main Library, University of Abuja | Environmental Sciences Library | 05/08/2025 | 2023/61384 | T 385 .C65 | 2025-1836 | Books | |
| Library of Congress Classification | Samuel Ogbemudia Main Library, University of Abuja | Environmental Sciences Library | 05/08/2025 | 2023/61386 | T 385 .C65 | 2025-1837 | Books | |
| Library of Congress Classification | Samuel Ogbemudia Main Library, University of Abuja | Environmental Sciences Library | 05/08/2025 | 2023/61387 | T 385 .C65 | 2025-1838 | Books | |
| Library of Congress Classification | Samuel Ogbemudia Main Library, University of Abuja | Environmental Sciences Library | 05/08/2025 | 2023/61388 | T 385 .C65 | 2025-1839 | Books |